| Tag |
First Indicator |
Second Indicator |
Subfields |
| LEADER |
00000cam a2200000 a 4500 |
| 001 |
in00001352821 |
| 005 |
20151006071019.0 |
| 007 |
hd afu---baca |
| 008 |
850416s1845 ohu a 000 0 eng d |
| 035 |
|
|
|a (OCoLC)11927926
|
| 035 |
|
|
|9 AHH2171AM
|
| 040 |
|
|
|a POF
|c IBS
|d POF
|d UtOrBLW
|
| 049 |
|
|
|a TXAI
|
| 090 |
|
|
|a PS586
|b .A450 pt. 2, no. 2450
|
| 099 |
|
|
|a film
|a B
|a 3870
|a Segment II, no. 2450)
|
| 100 |
1 |
|
|a Warfield, Catherine Ann,
|d 1816-1877.
|
| 245 |
1 |
4 |
|a The wife of Leon :
|b and other poems /
|c by Mrs. Catharine [!] Ann Warefield and Mrs. Eleanor Percy Lee, the two sisters of the West.
|
| 250 |
|
|
|a 2nd ed., rev.
|
| 264 |
|
1 |
|a Cincinnati :
|b E. Morgan,
|c 1845.
|
| 300 |
|
|
|a 268 pages ;
|c 19 cm.
|
| 336 |
|
|
|a text
|b txt
|2 rdacontent
|
| 337 |
|
|
|a microform
|b h
|2 rdamedia
|
| 338 |
|
|
|a microfilm reel
|b hd
|2 rdacarrier
|
| 500 |
|
|
|a Page 221 wrongly numbered 201.
|
| 500 |
|
|
|a Pages 265-268 repeated.
|
| 533 |
|
|
|a Microfilm.
|b New Haven, Conn. :
|c Research Publications,
|d 1975.
|e 1 microfilm reel ; 35 mm.
|f (American Poetry, 1609-1900 ; Segment II, no. 2450)
|
| 539 |
|
|
|a s
|b 1975
|d ctu
|e n
|
| 500 |
|
|
|a Microform.
|
| 700 |
1 |
|
|a Lee, Eleanor Percy,
|d 1820-1849.
|
| 999 |
|
|
|a MARS
|
| 999 |
f |
f |
|s 4de5903b-ab0d-3057-9e15-c134b6055d1c
|i 4f487983-7398-3bef-a0ae-cee7586e74fd
|t 0
|
| 952 |
f |
f |
|p default
|a Texas A&M University
|b College Station
|c Sterling C. Evans Library
|d Evans: Microforms (3rd floor)
|t 0
|e film B 3870 Segment II, no. 2450
|h Other scheme
|i microform -- microfilm reel
|
| 998 |
f |
f |
|a film B 3870 Segment II, no. 2450
|t 0
|l Evans: Microforms (3rd floor)
|